000 00275nam a22001097a 4500
008 170113b xxu||||| |||| 00| 0 eng d
020 _a2900781735239
041 _aeng
080 _25TH
_a618.2
245 _aCONCEPTUAL BASES OF PROFESSIONAL NURSING
_cHOOD, L.J
942 _2udc
_cBK
999 _c2855
_d2855